000 00281pab a2200109 454500
008 180718b xxu||||| |||| 00| 0 eng d
100 _aHalan, Y.C.
245 _aNeed for constitutional change
650 _aConstitutional History and Law
773 _aFinancial Express
909 _a22553
999 _c22553
_d22553